[Event "Seattle Summer Kickoff (7-12 Open)"]
[Site "Chess.com"]
[Date "2020.06.13"]
[Round "1"]
[White "Joshi, Atharva"]
[Black "Perla, Krishna Chaitanya"]
[Result "1-0"]
[WhiteElo "1573"]
[BlackElo "1019"]
[PlyCount "47"]
[EventDate "2020.??.??"]
[SourceDate "2020.06.27"]

1. d4 d5 2. c4 c6 3. Nc3 Be6 4. c5 Nd7 5. Bf4 Ndf6 6. e3 Bf5 7. Bd3 g6 8. h3
Bg7 9. Nf3 e6 10. O-O Ne7 11. Bd6 b6 12. b4 bxc5 13. bxc5 Qa5 14. Rc1 Nc8 15.
Bxf5 Nxd6 16. cxd6 gxf5 17. Ne5 Ne4 18. Nxe4 fxe4 19. d7+ Ke7 20. Nxc6+ Kxd7
21. Nxa5 Rab8 22. Qa4+ Ke7 23. Rc7+ Kf6 24. Qd7 1-0

[Event "Seattle Summer Kickoff (7-12 Open)"]
[Site "Chess.com"]
[Date "2020.06.13"]
[Round "1"]
[White "Roberts, Teddy"]
[Black "Tameling, Benton"]
[Result "1-0"]
[WhiteElo "2040"]
[BlackElo "1317"]
[PlyCount "57"]
[EventDate "2020.??.??"]
[SourceDate "2020.06.27"]

1. e4 e6 2. d4 d5 3. exd5 exd5 4. c4 c6 5. Nc3 Nf6 6. Bd3 dxc4 7. Bxc4 Nbd7 8.
Bg5 Be7 9. Nge2 h6 10. Bh4 O-O 11. O-O Nb6 12. Bb3 Bg4 13. Qd3 Qc7 14. h3 Bh5
15. Bg3 Bd6 16. Bxd6 Qxd6 17. g4 Bg6 18. Qxg6 Qd7 19. Rad1 Rfe8 20. Qd3 Rad8
21. Qg3 Ne4 22. Nxe4 Rxe4 23. Qf3 Rde8 24. Nc3 Rxd4 25. Rxd4 Qxd4 26. Qxf7+ Kh7
27. Qxe8 Qd3 28. Bg8+ Kh8 29. Bc4+ 1-0

[Event "Seattle Summer Kickoff (7-12 Open)"]
[Site "Chess.com"]
[Date "2020.06.13"]
[Round "1"]
[White "Seth, Shreshth"]
[Black "Rohila, Naveen"]
[Result "1-0"]
[WhiteElo "1468"]
[BlackElo "911"]
[PlyCount "63"]
[EventDate "2020.??.??"]
[SourceDate "2020.06.27"]

1. d4 Nc6 2. c4 b6 3. Nc3 Nf6 4. Nf3 d6 5. e4 e6 6. Bg5 h6 7. Bh4 g5 8. Bg3 d5
9. cxd5 exd5 10. e5 Ng4 11. Bb5 Bd7 12. Nxd5 Bg7 13. Nc3 f6 14. exf6 Bxf6 15.
O-O O-O 16. Qb3+ Kg7 17. d5 Na5 18. Qa4 Bf5 19. Rfe1 Bxc3 20. bxc3 Qxd5 21. c4
Qc5 22. Ne5 Rfe8 23. Bxe8 h5 24. Nxg4 Bxg4 25. Re5 Qd4 26. Rxg5+ Kf6 27. Be5+
Kxg5 28. Bxd4 c6 29. Bxc6 Nxc6 30. Qxc6 Rd8 31. Qe4 Bf5 32. Qe7+ 1-0

[Event "Seattle Summer Kickoff (7-12 Open)"]
[Site "Chess.com"]
[Date "2020.06.13"]
[Round "1"]
[White "Smith, Jason"]
[Black "Cheng, Edward"]
[Result "1/2-1/2"]
[WhiteElo "955"]
[BlackElo "1487"]
[PlyCount "39"]
[EventDate "2020.??.??"]
[SourceDate "2020.06.27"]

1. Nf3 Nf6 2. Nc3 g6 3. d4 Bg7 4. e4 d6 5. Bd3 O-O 6. O-O Bg4 7. h3 Bxf3 8.
Qxf3 e5 9. dxe5 dxe5 10. Bg5 Nc6 11. Nd5 Nd4 12. Nxf6+ Bxf6 13. Qxf6 Qxf6 14.
Bxf6 Rfe8 15. c3 Nc6 16. Rfd1 h6 17. Bc4 g5 18. Rd7 Rf8 19. Rxc7 Rab8 20. Rd1
1/2-1/2

[Event "Seattle Summer Kickoff (7-12 Open)"]
[Site "Chess.com"]
[Date "2020.06.13"]
[Round "1"]
[White "Smith, Lucas"]
[Black "Bunch, Drew"]
[Result "0-1"]
[WhiteElo "1030"]
[BlackElo "1632"]
[PlyCount "28"]
[EventDate "2020.??.??"]
[SourceDate "2020.06.27"]

1. e4 e5 2. Nf3 Nc6 3. Bc4 Bc5 4. Nc3 Nf6 5. d3 d6 6. O-O Bg4 7. h3 Bh5 8. Qe2
Nd4 9. Qd1 Nxf3+ 10. gxf3 Qd7 11. Qd2 Qxh3 12. Qg5 h6 13. Qg3 Qxg3+ 14. Kh1
Bxf3# 0-1

[Event "Seattle Summer Kickoff (7-12 Open)"]
[Site "Chess.com"]
[Date "2020.06.13"]
[Round "1"]
[White "Vangala, Agastya"]
[Black "Roesch, Carson"]
[Result "0-1"]
[WhiteElo "1250"]
[BlackElo "1769"]
[PlyCount "34"]
[EventDate "2020.??.??"]
[SourceDate "2020.06.27"]

1. c4 e5 2. g3 Nc6 3. Bg2 f5 4. e3 Nf6 5. Ne2 d6 6. d4 Be7 7. d5 Nb8 8. O-O O-O
9. Nbc3 Nbd7 10. e4 Nc5 11. exf5 Bxf5 12. b4 Nd3 13. a3 Nxc1 14. Rxc1 Qd7 15.
f4 Bh3 16. Bxh3 Qxh3 17. Rf2 Ng4 0-1

[Event "Seattle Summer Kickoff (7-12 Open)"]
[Site "Chess.com"]
[Date "2020.06.13"]
[Round "1"]
[White "Wan, Bertrand"]
[Black "Gesli, Koray"]
[Result "1-0"]
[WhiteElo "1764"]
[BlackElo "1207"]
[PlyCount "145"]
[EventDate "2020.??.??"]
[SourceDate "2020.06.27"]

1. e4 e5 2. Nf3 Nc6 3. Bc4 Bc5 4. O-O Nf6 5. d4 Nxd4 6. Nxe5 O-O 7. b4 Bb6 8.
Bb2 Nc6 9. Nxc6 dxc6 10. Nd2 Be6 11. Bd3 Bd4 12. c3 Be5 13. f4 Qxd3 14. fxe5
Nxe4 15. Nxe4 Qxe4 16. Re1 Qd5 17. Qh5 a5 18. Red1 Qe4 19. Rd4 Qe3+ 20. Kh1 Qf2
21. Ba3 Bd5 22. Rg1 Qxa2 23. Rh4 Qc2 24. b5 Rfe8 25. c4 Be4 26. Qg5 Re6 27. Qf4
Bg6 28. bxc6 bxc6 29. Qd4 Qd3 30. Qxd3 Bxd3 31. Rd4 Bg6 32. Re1 h6 33. Rd7 Rae8
34. Rxc7 Rxe5 35. Rxe5 Rxe5 36. Kg1 Re6 37. Ra7 Re5 38. Bd6 Re6 39. Bc7 Re1+
40. Kf2 Rc1 41. Rxa5 Rxc4 42. Ke3 Rc2 43. g4 Rg2 44. h3 Rc2 45. Be5 f6 46. Bd4
Kf7 47. Ra7+ Ke6 48. Rxg7 Be8 49. Rh7 c5 50. Ba1 Ra2 51. Bc3 c4 52. Rxh6 Ra3
53. Kd4 Bb5 54. g5 Kf7 55. Rxf6+ Kg7 56. h4 Be8 57. Kxc4 Ra7 58. Ra6+ Kg8 59.
Rxa7 Bf7+ 60. Kc5 Bh5 61. Rg7+ Kf8 62. Kd6 Ke8 63. Ke6 Kd8 64. Rd7+ Ke8 65. Bf6
Bg4+ 66. Kd6 Bxd7 67. g6 Bf5 68. h5 Bg4 69. h6 Bf5 70. h7 Bxg6 71. h8=Q+ Kf7
72. Qg7+ Ke8 73. Qe7# 1-0

[Event "Seattle Summer Kickoff (7-12 Open)"]
[Site "Chess.com"]
[Date "2020.06.13"]
[Round "2"]
[White "Bunch, Drew"]
[Black "Roberts, Teddy"]
[Result "0-1"]
[WhiteElo "1632"]
[BlackElo "2040"]
[PlyCount "134"]
[EventDate "2020.??.??"]
[SourceDate "2020.06.27"]

1. e4 e5 2. Nf3 Nc6 3. Bb5 a6 4. Ba4 d6 5. d4 b5 6. Bb3 Nxd4 7. Nxd4 exd4 8.
Qxd4 c5 9. Qd5 Be6 10. Qc6+ Bd7 11. Qd5 c4 12. Bxc4 bxc4 13. Qxc4 Nf6 14. Nc3
Be7 15. O-O O-O 16. Re1 Be6 17. Nd5 Rc8 18. Nxe7+ Qxe7 19. Qd3 h6 20. b3 Qc7
21. c4 Qa5 22. Bd2 Qc5 23. Qg3 Kh7 24. Bc3 Rfd8 25. Rad1 Qg5 26. Qxg5 hxg5 27.
Rd2 Kg6 28. f3 Rd7 29. Red1 Rc6 30. Kf2 g4 31. Bb4 gxf3 32. gxf3 Ne8 33. e5 Bf5
34. exd6 f6 35. Re1 Kf7 36. Re7+ Rxe7 37. dxe7 Rc7 38. Rd8 Bb1 39. Rd2 Rb7 40.
Bc5 a5 41. Rb2 Bf5 42. h4 Be6 43. Rd2 Bf5 44. Rb2 Bd7 45. Rd2 Bc6 46. h5 Rc7
47. Bb6 Rxe7 48. Bxa5 Re5 49. b4 Rxh5 50. b5 Rh2+ 51. Ke3 Rxd2 52. Kxd2 Bxf3
53. c5 Ke7 54. Ke3 Bd5 55. a3 Bc4 56. a4 Bb3 57. b6 Bd5 58. Bc3 Kd7 59. Kd4 Bb7
60. Kc4 Kc6 61. Bd2 g5 62. Kd4 g4 63. Bf4 f5 64. Bg3 Ng7 65. Bd6 Bc8 66. a5 Kb5
67. Bf8 Ne6+ 0-1

[Event "Seattle Summer Kickoff (7-12 Open)"]
[Site "Chess.com"]
[Date "2020.06.13"]
[Round "2"]
[White "Cheng, Edward"]
[Black "Tameling, Benton"]
[Result "1-0"]
[WhiteElo "1487"]
[BlackElo "1317"]
[PlyCount "94"]
[EventDate "2020.??.??"]
[SourceDate "2020.06.27"]

1. Nf3 e6 2. g3 d5 3. Bg2 Nf6 4. O-O c5 5. d3 Nc6 6. Nc3 Bd6 7. e4 O-O 8. Re1
b6 9. e5 d4 10. Nb1 Nxe5 11. Nxe5 Rb8 12. Bg5 Bxe5 13. Rxe5 h6 14. Bxf6 Qxf6
15. Re1 e5 16. Nd2 Qg6 17. Rxe5 Bg4 18. Nf3 f6 19. Re1 f5 20. h3 Bh5 21. c3
Bxf3 22. Qxf3 Qh7 23. cxd4 cxd4 24. Qd5+ Rf7 25. Re7 Rbf8 26. Rae1 Qg6 27. Rxf7
Rxf7 28. Re7 Kf8 29. Rxf7+ Qxf7 30. Qxf7+ Kxf7 31. f4 Kf8 32. Kf2 Kf7 33. Bd5+
Ke7 34. Kf3 Kd6 35. Bc4 Kc5 36. g4 b5 37. Be6 a5 38. Bxf5 Kb4 39. Be6 a4 40.
Ke4 a3 41. bxa3+ Kxa3 42. Kxd4 Kb4 43. Ke5 Kc5 44. d4+ Kc6 45. Bb3 Kd7 46. Kd5
Ke7 47. Kc6 h5 1-0

[Event "Seattle Summer Kickoff (7-12 Open)"]
[Site "Chess.com"]
[Date "2020.06.13"]
[Round "2"]
[White "Gesli, Koray"]
[Black "Smith, Jason"]
[Result "0-1"]
[WhiteElo "1207"]
[BlackElo "955"]
[PlyCount "66"]
[EventDate "2020.??.??"]
[SourceDate "2020.06.27"]

1. e4 Nc6 2. d4 Nf6 3. Nc3 d5 4. Bd3 dxe4 5. Bxe4 Nxe4 6. Nxe4 Bf5 7. f3 Qxd4
8. Qxd4 Nxd4 9. Kd1 O-O-O 10. Bd2 e5 11. c3 Ne6 12. Kc2 Nc5 13. Re1 Nd3 14. Re2
Be7 15. Nh3 h6 16. Be3 Bxh3 17. gxh3 f5 18. Nf2 Nc5 19. b4 Ne6 20. Bxa7 Bf6 21.
Nd3 b6 22. Nxe5 Nf4 23. Rd2 Rxd2+ 24. Kxd2 Rd8+ 25. Kc2 Bxe5 26. c4 Kb7 27.
Bxb6 cxb6 28. h4 Ng2 29. h5 Ne3+ 30. Kb3 Rd3+ 31. Ka4 Nxc4 32. Rc1 Ra3+ 33. Kb5
Nd6# 0-1

[Event "Seattle Summer Kickoff (7-12 Open)"]
[Site "Chess.com"]
[Date "2020.06.13"]
[Round "2"]
[White "Kompella, Aditya"]
[Black "Wan, Bertrand"]
[Result "0-1"]
[WhiteElo "1411"]
[BlackElo "1764"]
[PlyCount "62"]
[EventDate "2020.??.??"]
[SourceDate "2020.06.27"]

1. e4 c5 2. Bc4 e6 3. Nf3 d6 4. c3 a6 5. a4 b6 6. d4 cxd4 7. cxd4 Bb7 8. Nc3
Nd7 9. O-O Qc7 10. Qd3 Ngf6 11. d5 e5 12. Be3 Be7 13. Rfc1 O-O 14. Ne2 Qd8 15.
Bd2 Nc5 16. Qe3 Ng4 17. Qa3 Nxe4 18. Nc3 Ngxf2 19. Nxe4 Nxe4 20. Be3 Ng5 21.
Nd2 f5 22. Bxg5 Bxg5 23. Rd1 b5 24. axb5 axb5 25. Qc3 Bxd2 26. Qxd2 bxc4 27.
Rxa8 Qb6+ 28. Kh1 Rxa8 29. Qg5 Bxd5 30. Qxf5 Qxb2 31. Rf1 Qxg2# 0-1

[Event "Seattle Summer Kickoff (7-12 Open)"]
[Site "Chess.com"]
[Date "2020.06.13"]
[Round "2"]
[White "Leong, Albert"]
[Black "Joshi, Atharva"]
[Result "1-0"]
[WhiteElo "1436"]
[BlackElo "1573"]
[PlyCount "65"]
[EventDate "2020.??.??"]
[SourceDate "2020.06.27"]

1. e4 e6 2. Nf3 d5 3. d3 c5 4. c3 Nf6 5. Bg5 Be7 6. Nbd2 h6 7. Bf4 Nc6 8. Be2
Nd7 9. O-O dxe4 10. dxe4 g5 11. Bg3 g4 12. Ne1 h5 13. Nd3 e5 14. Nc4 f6 15. f3
b5 16. Ne3 c4 17. Nf2 h4 18. Bxe5 fxe5 19. fxg4 Bc5 20. Nf5 Qg5 21. Nd6+ Ke7
22. Nxc8+ Raxc8 23. Qd5 Rhf8 24. Rad1 Ncb8 25. b3 Rxf2 26. Rxf2 Qe3 27. Rdf1
Rf8 28. Bf3 Rxf3 29. gxf3 Qxf3 30. Qxc5+ Nxc5 31. Rxf3 Nxe4 32. bxc4 Nd2 33.
Rf7+ 1-0

[Event "Seattle Summer Kickoff (7-12 Open)"]
[Site "Chess.com"]
[Date "2020.06.13"]
[Round "2"]
[White "Perla, Krishna Chaitanya"]
[Black "Vangala, Agastya"]
[Result "0-1"]
[WhiteElo "1019"]
[BlackElo "1250"]
[PlyCount "41"]
[EventDate "2020.??.??"]
[SourceDate "2020.06.27"]

1. e4 g6 2. Nf3 Bg7 3. Bc4 e6 4. Nc3 Ne7 5. d3 O-O 6. Bg5 Nbc6 7. O-O b6 8. Qd2
Bb7 9. Rad1 f6 10. Bf4 d5 11. exd5 exd5 12. Bxd5+ Nxd5 13. Nxd5 Qxd5 14. Bxc7
Qxa2 15. Ra1 Qxb2 16. Bd6 Nd4 17. Nxd4 Qxd4 18. Bxf8 Kxf8 19. Rfe1 a5 20. Qe2
Qd7 21. Ra4 0-1

[Event "Seattle Summer Kickoff (7-12 Open)"]
[Site "Chess.com"]
[Date "2020.06.13"]
[Round "2"]
[White "Roesch, Carson"]
[Black "Seth, Shreshth"]
[Result "1-0"]
[WhiteElo "1769"]
[BlackElo "1468"]
[PlyCount "51"]
[EventDate "2020.??.??"]
[SourceDate "2020.06.27"]

1. e4 c5 2. Nf3 d6 3. d4 cxd4 4. Nxd4 Nf6 5. Nc3 g6 6. Be3 Bg7 7. f3 Nc6 8. Qd2
O-O 9. O-O-O Nxd4 10. Bxd4 Be6 11. h4 h5 12. Be2 a6 13. Rdg1 b5 14. Be3 b4 15.
Nd5 Nxd5 16. exd5 Bf5 17. g4 hxg4 18. fxg4 Bd7 19. h5 a5 20. Bh6 Rb8 21. hxg6
fxg6 22. Bxg7 Kxg7 23. Qh6+ Kf7 24. Rf1+ Ke8 25. Qxg6+ Rf7 26. Qxf7# 1-0

[Event "Seattle Summer Kickoff (7-12 Open)"]
[Site "Chess.com"]
[Date "2020.06.13"]
[Round "2"]
[White "Rohila, Naveen"]
[Black "Smith, Lucas"]
[Result "0-1"]
[WhiteElo "911"]
[BlackElo "1030"]
[PlyCount "92"]
[EventDate "2020.??.??"]
[SourceDate "2020.06.27"]

1. e4 e5 2. Nf3 Nf6 3. Nc3 Nc6 4. g3 Bc5 5. Qe2 d6 6. Bg2 O-O 7. O-O h6 8. d3
d5 9. Be3 d4 10. Bd2 dxc3 11. Bxc3 Re8 12. Qd2 Qd6 13. d4 exd4 14. Bxd4 Bxd4
15. Nxd4 Qxd4 16. Qf4 Bg4 17. h3 Be2 18. Rfe1 Bb5 19. Rad1 Qxb2 20. Rd2 Qxa2
21. Qxc7 Rac8 22. Qxb7 Ba6 23. Qb3 Qxb3 24. cxb3 Rcd8 25. Rc2 Nb4 26. Rcc1 Nd3
27. e5 Nxc1 28. Rxc1 Rxe5 29. Rc3 Rc8 30. Rf3 Bb7 31. Rf4 Bxg2 32. Kxg2 Re4 33.
Rf3 Re1 34. h4 Rcc1 35. Rd3 Rg1+ 36. Kf3 Rgd1 37. Re3 Nd5 38. Re8+ Kh7 39. Re5
Rc3+ 40. Kg2 Rxb3 41. Re4 Rd2 42. Re5 Ne3+ 43. Kh3 Rxf2 44. Re7 a5 45. Ra7 Rbb2
46. Rxa5 Rh2# 0-1

[Event "Seattle Summer Kickoff (7-12 Open)"]
[Site "Chess.com"]
[Date "2020.06.13"]
[Round "3"]
[White "Joshi, Atharva"]
[Black "Cheng, Edward"]
[Result "0-1"]
[WhiteElo "1573"]
[BlackElo "1487"]
[PlyCount "96"]
[EventDate "2020.??.??"]
[SourceDate "2020.06.27"]

1. d4 Nf6 2. c4 g6 3. Nc3 Bg7 4. e3 O-O 5. Bd3 d6 6. Nf3 Nc6 7. O-O e5 8. Re1
Re8 9. Ne4 Bg4 10. Nxf6+ Qxf6 11. h3 Bxf3 12. gxf3 exd4 13. e4 Ne5 14. f4 Nxd3
15. Qxd3 c6 16. Kh2 d5 17. e5 Qf5 18. Qxf5 gxf5 19. cxd5 Rad8 20. Bd2 Rxd5 21.
a4 f6 22. e6 Rd6 23. e7 Rd7 24. Bb4 b6 25. a5 c5 26. Bd2 Rdxe7 27. Rxe7 Rxe7
28. axb6 axb6 29. Kg3 Rb7 30. Ra6 Kf7 31. Kf3 b5 32. Rc6 c4 33. Ke2 d3+ 34. Ke3
Bf8 35. Rc8 Bd6 36. Rc6 Ke6 37. Bb4 Rd7 38. Rb6 Ke7 39. Bc3 Bc5+ 40. Kf3 Bxb6
41. Kg3 d2 42. b4 cxb3 43. f3 d1=Q 44. Bxf6+ Kxf6 45. Kh4 Qe1+ 46. Kh5 h6 47.
h4 Rd8 48. Kxh6 Rh8# 0-1

[Event "Seattle Summer Kickoff (7-12 Open)"]
[Site "Chess.com"]
[Date "2020.06.13"]
[Round "3"]
[White "Roberts, Teddy"]
[Black "Roesch, Carson"]
[Result "1-0"]
[WhiteElo "2040"]
[BlackElo "1769"]
[PlyCount "171"]
[EventDate "2020.??.??"]
[SourceDate "2020.06.27"]

1. e4 c5 2. Nf3 d6 3. Bb5+ Bd7 4. Bxd7+ Qxd7 5. O-O Nc6 6. c3 Nf6 7. Re1 e6 8.
d4 cxd4 9. cxd4 e5 10. Nc3 Be7 11. d5 Na5 12. Nh4 h5 13. Qd3 g6 14. Nf3 b6 15.
b4 Nb7 16. a4 O-O 17. h3 a5 18. bxa5 Nc5 19. Qc2 Rxa5 20. Bd2 Rfa8 21. Rab1
Nxa4 22. Nxa4 Rxa4 23. Rxb6 Ra2 24. Qb3 Qa4 25. Bg5 Qxb3 26. Rxb3 Kf8 27. Reb1
Ra1 28. Bxf6 Bxf6 29. Rxa1 Rxa1+ 30. Kh2 Ra2 31. Kg1 Re2 32. Rb4 g5 33. Kf1 Ra2
34. Rb6 Be7 35. Ke1 f6 36. Nd2 Ra7 37. Ke2 Ke8 38. f3 Kd7 39. Nc4 Ra2+ 40. Kf1
Rc2 41. Ne3 Bd8 42. Rb7+ Rc7 43. Rxc7+ Kxc7 44. Nf5 Kd7 45. Ng7 h4 46. Nf5 Bb6
47. Ke2 Ba5 48. Kd3 Bd8 49. Kc4 Ba5 50. Kb5 Bc7 51. Ka6 Bd8 52. Kb7 Bc7 53. Nh6
Ba5 54. Ng8 Bd8 55. Kb8 Bc7+ 56. Ka7 Bd8 57. Kb7 Ba5 58. Nxf6+ Ke7 59. Ng4 Bb4
60. Kc7 Kf7 61. Kd7 Bc5 62. Nh6+ Kg6 63. Nf5 g4 64. hxg4 Kg5 65. Nxd6 Bxd6 66.
Kxd6 Kf4 67. g5 Kg3 68. g6 Kxg2 69. g7 h3 70. g8=Q+ Kh1 71. Kxe5 h2 72. Qh7 Kg1
73. Qxh2+ Kxh2 74. d6 Kg2 75. d7 Kf2 76. d8=Q Ke3 77. f4 Kf3 78. f5 Kg4 79.
Qg8+ Kf3 80. f6 Ke3 81. Qg3+ Kd2 82. Kd4 Kc2 83. Qd3+ Kc1 84. Qe2 Kb1 85. Kc3
Ka1 86. Qb2# 1-0

[Event "Seattle Summer Kickoff (7-12 Open)"]
[Site "Chess.com"]
[Date "2020.06.13"]
[Round "3"]
[White "Seth, Shreshth"]
[Black "Vangala, Agastya"]
[Result "1-0"]
[WhiteElo "1468"]
[BlackElo "1250"]
[PlyCount "35"]
[EventDate "2020.??.??"]
[SourceDate "2020.06.27"]

1. d4 e6 2. c4 Ne7 3. Nc3 d5 4. cxd5 Nxd5 5. Nf3 Nxc3 6. bxc3 a6 7. Bf4 Bd6 8.
Bxd6 cxd6 9. e3 O-O 10. Bd3 Re8 11. O-O e5 12. dxe5 dxe5 13. Nxe5 Rxe5 14.
Bxh7+ Kxh7 15. Qxd8 Be6 16. Qh4+ Kg8 17. Rfd1 Nc6 18. Qg3 1-0

[Event "Seattle Summer Kickoff (7-12 Open)"]
[Site "Chess.com"]
[Date "2020.06.13"]
[Round "3"]
[White "Smith, Jason"]
[Black "Bunch, Drew"]
[Result "1/2-1/2"]
[WhiteElo "955"]
[BlackElo "1632"]
[PlyCount "177"]
[EventDate "2020.??.??"]
[SourceDate "2020.06.27"]

1. Nf3 Nf6 2. Nc3 Nc6 3. d4 d5 4. Bf4 Bf5 5. Nb5 Rc8 6. h3 a6 7. g4 Be4 8. Nc3
Bxf3 9. exf3 e6 10. Qd2 Bb4 11. a3 Ba5 12. O-O-O b5 13. b4 Bb6 14. g5 Nh5 15.
Be5 Nxe5 16. dxe5 c5 17. h4 cxb4 18. axb4 Qc7 19. Kb2 O-O 20. Ra1 d4 21. Ne4
Rfd8 22. Nd6 d3 23. Nxc8 Bd4+ 24. c3 Bxe5 25. Na7 Qxa7 26. Bxd3 Qe7 27. Ra2
Qxb4+ 28. Kc1 Rc8 29. Bxh7+ Kh8 30. Bc2 Bxc3 31. Qd7 Rf8 32. Qd3 g6 33. Qe4 Qc5
34. Rd1 Qxf2 35. Qc6 Qe3+ 36. Kb1 Bg7 37. Qxa6 b4 38. Qd3 Qc5 39. Qd6 Qc3 40.
Qd3 Qe5 41. Qe4 Qc5 42. Ba4 Ng3 43. Qc2 Bc3 44. Rd7 Nf5 45. Qd3 Kg7 46. Bb3 Nd4
47. Bc2 Kg8 48. Raa7 Nf5 49. Ra2 b3 50. Bxb3 Qg1+ 51. Qd1 Qb6 52. Qc2 Bg7 53.
Raa7 Rb8 54. Rab7 Rxb7 55. Qc8+ Kh7 56. Qxb7 Qg1+ 57. Rd1 Qc5 58. Rd3 Qa3 59.
Bc4 Qa1+ 60. Kc2 Qa4+ 61. Qb3 Qa7 62. Qa3 Qc7 63. Qb4 Qh2+ 64. Qd2 Qc7 65. Qb4
Qf4 66. Kb3 Nd4+ 67. Ka4 Nc6 68. Qc5 Ne5 69. Rc3 Nd7 70. Qe3 Qb8 71. Rb3 Qa8+
72. Kb4 Qb8+ 73. Ka4 Qc7 74. Kb5 Bf8 75. Be2 Nc5 76. Kc4 Nxb3+ 77. Kxb3 Qb7+
78. Kc2 Qc6+ 79. Kb2 Bg7+ 80. Ka3 Qd6+ 81. Kb3 Qb8+ 82. Ka4 Qa8+ 83. Kb5 Qd5+
84. Qc5 Qb3+ 85. Qb4 Qe3 86. Qe4 Qb3+ 87. Qb4 Qe3 88. Qe4 Qf2 89. h5 1/2-1/2

[Event "Seattle Summer Kickoff (7-12 Open)"]
[Site "Chess.com"]
[Date "2020.06.13"]
[Round "3"]
[White "Smith, Lucas"]
[Black "Kompella, Aditya"]
[Result "0-1"]
[WhiteElo "1030"]
[BlackElo "1411"]
[PlyCount "62"]
[EventDate "2020.??.??"]
[SourceDate "2020.06.27"]

1. e4 e5 2. Nf3 Nc6 3. Bc4 Nf6 4. Nc3 Nxe4 5. Nxe4 d5 6. Bxd5 Qxd5 7. Nc3 Qd8
8. O-O Bg4 9. h3 Bh5 10. Re1 Bd6 11. d3 Nd4 12. Be3 Nxf3+ 13. gxf3 Qg5+ 14. Kf1
Qh4 15. Nd5 Qxh3+ 16. Ke2 Bxf3+ 17. Kd2 Bxd1 18. Kxd1 Qf3+ 19. Kc1 Qxd5 20. Kd2
O-O-O 21. Rad1 Bb4+ 22. c3 Bc5 23. Bg5 f6 24. Bh4 Qxa2 25. Rb1 Rd6 26. f3 Ba3
27. Kc2 Rhd8 28. Bf2 Rxd3 29. f4 Rd2+ 30. Kc1 Bxb2+ 31. Rxb2 Qxb2# 0-1

[Event "Seattle Summer Kickoff (7-12 Open)"]
[Site "Chess.com"]
[Date "2020.06.13"]
[Round "3"]
[White "Tameling, Benton"]
[Black "Gesli, Koray"]
[Result "1-0"]
[WhiteElo "1317"]
[BlackElo "1207"]
[PlyCount "99"]
[EventDate "2020.??.??"]
[SourceDate "2020.06.27"]

1. d4 d5 2. c4 Nf6 3. Nf3 Nc6 4. g3 Bf5 5. Bg2 e6 6. O-O Bd6 7. Nbd2 O-O 8. c5
Be7 9. a3 a5 10. Re1 b6 11. cxb6 cxb6 12. Nh4 Ne4 13. Nxf5 exf5 14. Bh3 Nxd4
15. Nxe4 dxe4 16. Be3 Bc5 17. Qa4 Qf6 18. Red1 Rfd8 19. Bf1 b5 20. Bxd4 bxa4
21. Bxf6 Rxd1 22. Rxd1 gxf6 23. Rd5 Rc8 24. Rxf5 Bd4 25. Rxa5 Rc4 26. e3 Rc5
27. Ra8+ Kg7 28. exd4 Rc2 29. Rxa4 Rxb2 30. d5 f5 31. Rd4 Kf6 32. d6 Rb8 33. d7
Rd8 34. a4 Ke7 35. Bb5 Ra8 36. d8=Q+ Rxd8 37. Rxd8 Kxd8 38. Kg2 Ke7 39. f3 Kd6
40. a5 Kc5 41. Be2 Kd4 42. Kf2 e3+ 43. Ke1 Kc5 44. a6 Kb6 45. Kd1 Kc5 46. a7
Kd4 47. a8=Q Kc3 48. Qd5 Kb4 49. Kc2 Ka4 50. Kc3 1-0

[Event "Seattle Summer Kickoff (7-12 Open)"]
[Site "Chess.com"]
[Date "2020.06.13"]
[Round "3"]
[White "Wan, Bertrand"]
[Black "Leong, Albert"]
[Result "1-0"]
[WhiteElo "1764"]
[BlackElo "1436"]
[PlyCount "45"]
[EventDate "2020.??.??"]
[SourceDate "2020.06.27"]

1. e4 e5 2. Nf3 Nc6 3. Bc4 Bc5 4. O-O Nf6 5. d4 exd4 6. e5 Ng4 7. Bxf7+ Kxf7 8.
Ng5+ Ke8 9. Qxg4 d6 10. e6 Ne5 11. Qh3 h6 12. f4 d3+ 13. Kh1 Rf8 14. Nh7 dxc2
15. Nc3 Nd3 16. Nxf8 Kxf8 17. Qxd3 Bxe6 18. f5 Bd7 19. f6 gxf6 20. Bxh6+ Kf7
21. Qh7+ Ke6 22. Rae1+ Be3 23. Rxe3# 1-0

[Event "Seattle Summer Kickoff (7-12 Open)"]
[Site "Chess.com"]
[Date "2020.06.13"]
[Round "4"]
[White "Bunch, Drew"]
[Black "Joshi, Atharva"]
[Result "1-0"]
[WhiteElo "1632"]
[BlackElo "1573"]
[PlyCount "61"]
[EventDate "2020.??.??"]
[SourceDate "2020.06.27"]

1. e4 e6 2. d4 d5 3. exd5 exd5 4. Bd3 Bd6 5. c3 Ne7 6. Nf3 O-O 7. O-O Ng6 8.
Bg5 Be7 9. Bxe7 Qxe7 10. Re1 Qf6 11. Qc2 Bg4 12. Ne5 Bh5 13. h3 Nxe5 14. Bxh7+
Kh8 15. dxe5 Qg5 16. Bd3 Nc6 17. Qd2 Qe7 18. Qf4 Rae8 19. Bb5 Nxe5 20. Nd2 c6
21. Ba4 g5 22. Qd4 f6 23. Bc2 Qd6 24. Ne4 Qc7 25. Ng3 Bf7 26. f4 c5 27. Qf2 Nc4
28. fxg5 fxg5 29. Qf6+ Kg8 30. Nf5 Qc6 31. Qg7# 1-0

[Event "Seattle Summer Kickoff (7-12 Open)"]
[Site "Chess.com"]
[Date "2020.06.13"]
[Round "4"]
[White "Cheng, Edward"]
[Black "Roesch, Carson"]
[Result "1-0"]
[WhiteElo "1487"]
[BlackElo "1769"]
[PlyCount "75"]
[EventDate "2020.??.??"]
[SourceDate "2020.06.27"]

1. Nf3 Nf6 2. g3 d5 3. Bg2 c5 4. O-O Nc6 5. d3 e5 6. Bg5 Be6 7. e4 d4 8. Nbd2
h6 9. Bxf6 Qxf6 10. a4 Bd6 11. Nc4 Bxc4 12. dxc4 O-O 13. Qe2 Qe6 14. Nd2 Nb4
15. Rac1 Qd7 16. b3 Na2 17. Ra1 Nc3 18. Qd3 a6 19. Nb1 Nxb1 20. Raxb1 Rab8 21.
Rbd1 b5 22. cxb5 axb5 23. axb5 Qxb5 24. Qxb5 Rxb5 25. Ra1 Rc8 26. Ra6 Be7 27.
Ra7 Bd8 28. Bh3 Rcb8 29. Rfa1 R5b7 30. Rxb7 Rxb7 31. Ra8 f6 32. Rxd8+ Kf7 33.
Rc8 Rb5 34. Kf1 Ra5 35. Ke2 Ke7 36. Bf5 Kd6 37. Kd3 Ra7 38. f4 1-0

[Event "Seattle Summer Kickoff (7-12 Open)"]
[Site "Chess.com"]
[Date "2020.06.13"]
[Round "4"]
[White "Gesli, Koray"]
[Black "Perla, Krishna Chaitanya"]
[Result "1-0"]
[WhiteElo "1207"]
[BlackElo "1019"]
[PlyCount "39"]
[EventDate "2020.??.??"]
[SourceDate "2020.06.27"]

1. e4 c5 2. Bc4 Nc6 3. Nf3 g6 4. Ng5 Bg7 5. Nxf7 Kf8 6. Nxd8 Nxd8 7. Qf3+ Ke8
8. O-O Nf6 9. Nc3 Nc6 10. d3 Nd4 11. Qg3 Nxc2 12. Rb1 Nd4 13. Be3 Ne6 14. Bxe6
dxe6 15. Nb5 Kd7 16. Qc7+ Ke8 17. Bxc5 Kf7 18. Qxe7+ Kg8 19. Qd8+ Kf7 20. Nd6#
1-0

[Event "Seattle Summer Kickoff (7-12 Open)"]
[Site "Chess.com"]
[Date "2020.06.13"]
[Round "4"]
[White "Kompella, Aditya"]
[Black "Seth, Shreshth"]
[Result "0-1"]
[WhiteElo "1411"]
[BlackElo "1468"]
[PlyCount "82"]
[EventDate "2020.??.??"]
[SourceDate "2020.06.27"]

1. e4 e6 2. d4 d5 3. exd5 exd5 4. Nf3 Nc6 5. Nc3 Nf6 6. Bb5 Bg4 7. Kf1 Be7 8.
Qd3 O-O 9. Bg5 Bxf3 10. Qxf3 Nxd4 11. Qd3 Nxb5 12. Qxb5 d4 13. Ne2 Qd5 14. Qxd5
Nxd5 15. Nxd4 Bxg5 16. Rd1 c6 17. Nf3 Bf6 18. h4 Rad8 19. g4 Nf4 20. Rxd8 Rxd8
21. Ke1 Bxb2 22. Kf1 Rd1+ 23. Ne1 Bc3 24. Kg1 Rxe1+ 25. Kh2 Rxh1+ 26. Kxh1 b5
27. f3 b4 28. Kg1 a5 29. Kf2 Bd2 30. Kf1 c5 31. h5 c4 32. Kf2 a4 33. Kg3 b3 34.
axb3 axb3 35. cxb3 cxb3 36. g5 b2 37. g6 fxg6 38. hxg6 h6 39. Kg4 b1=Q 40. Kg3
Qg1+ 41. Kh4 Qg5# 0-1